000
00311nam a2200121Ia 4500
008
210430s9999 xx 000 0 und d
082
_a
331K451E
100
_a
M. Fazle Karim Khan
245
_a
ECONOMIC GEOGRAPHY
_c
M. Fazle Karim Khan
260
_a
Karachi
_b
Slaleem
_c
1998
300
_a
285p
942
_c
BK
_2
ddc
999
_c
563365
_d
563365